Identidades marginales entre personas sin hogar en la ciudad de Temuco, Chile /

Сохранить в:
Библиографические подробности
Главный автор: Berhó, Marcelo
Формат: Текст
Предметы:
Метки: Добавить метку
Нет меток, Требуется 1-ая метка записи!

MARC

LEADER 00000 a a2200000 04500
001 14355
003
040
100 |a Berhó, Marcelo  
245 |a Identidades marginales entre personas sin hogar en la ciudad de Temuco, Chile /  |c Marcelo Berhó  
650 |a IDENTIDAD SOCIAL  
650 |a MARGINALIDAD  
650 |a POBREZA  
650 |a ETNOGRAFIA  
650 |a CHILE  
773 |g volumen 11, número 1; páginas 39-55  
999 |c 20783  |d 20783